000 00694nam a22001931cc4500
001 a987687930+Tom2
035 _aa987687930
008 991231s2005 gw |||| 000u rus d
020 _a5862800344
_95-86280-034-4
041 _arus
245 0 0 _aVzlet i padenie parlamenta
_nTom 2
_pVzlet i padenie parlamenta : perelomnye gody v rossijskoj politike (1985-1993)
264 _aMoskva,
_c2005
300 _a771 S.
246 1 2 _aVzlet i padenie parlamenta : perelomnye gody v rossijskoj politike (1985-1993). Vzlet i padenie parlamenta : perelomnye gody v rossijskoj politike (1985-1993)
_nTom 2
773 0 8 _wa987687930
_qTom2
942 _cMG
040 _cRU-10907106
003 RU-10907106
999 _c27379
_d27379